000
00315nam a22001337a 4500
005
20180321123431.0
008
160519b xxu||||| |||| 00| 0 eng d
041
_a
eng
082
_b
3249
_a
338.5024658
100
_a
Mithani/D.M. Dr.
_9
799
245
_a
Managerial Economics
650
_a
Management
_9
241
942
_c
BK
999
_c
1103
_d
1103